Electromagnetic theory / (Record no. 8665)
[ view plain ]
| 000 -LEADER | |
|---|---|
| fixed length control field | 00832cam a22002651 4500 |
| 001 - CONTROL NUMBER | |
| control field | 8665 |
| 003 - CONTROL NUMBER IDENTIFIER | |
| rucl marc code | BD-RjUL |
| 005 - DATE AND TIME OF LATEST TRANSACTION | |
| control field | 20211208234629.0 |
| 008 - FIXED-LENGTH DATA ELEMENTS--GENERAL INFORMATION | |
| fixed length control field | 190114m1969 enka b 001 0 eng |
| 020 ## - INTERNATIONAL STANDARD BOOK NUMBER | |
| International Standard Book Number | 0050019449 (v. 1) : |
| 035 ## - SYSTEM CONTROL NUMBER | |
| System control number | (BD-RjUL)8710 |
| 040 ## - CATALOGING SOURCE | |
| Original cataloging agency | DLC |
| Transcribing agency | DLC |
| Modifying agency | DLC |
| -- | BD-RjUL |
| Language of cataloging | eng |
| 041 ## - LANGUAGE CODE | |
| Language code of text/sound track or separate title | eng |
| 082 00 - DEWEY DECIMAL CLASSIFICATION NUMBER | |
| Classification number | 530.141 |
| Author mark and year | DAE 1969 |
| Edition number | 23 |
| 100 1# - MAIN ENTRY--PERSONAL NAME | |
| Personal name | Davies, J. B. |
| Fuller form of name | (John Brian), |
| Dates associated with a name | 1932- |
| 9 (RLIN) | 26985 |
| 245 10 - TITLE STATEMENT | |
| Title | Electromagnetic theory / |
| Statement of responsibility, etc. | J.B. Davies and D.E. Radley. |
| 260 ## - PUBLICATION, DISTRIBUTION, ETC. (IMPRINT) | |
| Place of publication, distribution, etc. | Edinburgh : |
| Name of publisher, distributor, etc. | Oliver & Boyd, |
| Date of publication, distribution, etc. | c1969. |
| 300 ## - PHYSICAL DESCRIPTION | |
| Pagination | vol. : |
| Illustrations | ill. ; |
| Size | 22 cm. |
| 490 0# - SERIES STATEMENT | |
| Series statement | Electronic and engineering texts; |
| Volume/sequential designation | 4 |
| 504 ## - BIBLIOGRAPHY, ETC. NOTE | |
| Bibliography, etc | Includes Bibliography: v. 1, p. 185 and index. |
| 505 0# - FORMATTED CONTENTS NOTE | |
| Formatted contents note | vol. 1-- |
| 650 #0 - SUBJECT ADDED ENTRY--TOPICAL TERM | |
| Topical term or geographic name as entry element | Electromagnetic theory. |
| 9 (RLIN) | 26902 |
| 700 1# - ADDED ENTRY--PERSONAL NAME | |
| Personal name | Radley, D. E. |
| Fuller form of name | (Donald Edwin), |
| Dates associated with a name | 1933- |
| 942 ## - ADDED ENTRY ELEMENTS (KOHA) | |
| Source of classification or shelving scheme | Dewey Decimal Classification |
| Koha item type | Books |
| Lost status | Source of classification or shelving scheme | Damaged status | Not for loan | Collection code | Permanent Location | Current Location | Shelving location | Date acquired | Source of acquisition | Cost, normal purchase price | Total Checkouts | Full call number | Date last seen | Copy number | Koha item type |
|---|---|---|---|---|---|---|---|---|---|---|---|---|---|---|---|
| Dewey Decimal Classification | Not For Loan | Non-fiction | Central Library, University of Rajshahi | Central Library, University of Rajshahi | Reading Room | 11/12/1974 | johanthan wren and co. | 190.00 | 530.141 DAE V-1 1969 | 19/01/2014 | C-1 | Books | |||
| Dewey Decimal Classification | Non-fiction | Central Library, University of Rajshahi | Central Library, University of Rajshahi | 11/12/1974 | Johanthan wren and co. | 190.00 | 530.141 DAE V-1 1969 | 09/05/2017 | C-3 | Books | |||||
| Dewey Decimal Classification | Non-fiction | Central Library, University of Rajshahi | Central Library, University of Rajshahi | 11/12/1974 | Johanthan wren and co. | 190.00 | 530.141 DAE V-1 1969 | 09/05/2017 | C-2 | Books |